[Event "Cto Aragón Equipos Pref Gr I"]
[Site "Aragon"]
[Date "2015.01.31"]
[Round "2.34"]
[White "Puertolas Serena, Arturo"]
[Black "Gines Esteo, Pedro Antonio"]
[Result "1/2-1/2"]
[WhiteElo "1919"]
[BlackElo "2044"]
[PlyCount "72"]
[EventDate "2015.01.24"]
[WhiteTeam "La Aurora Estadilla B"]
[BlackTeam "Ibercaja B"]

1. d4 c5 2. d5 g6 3. c4 Bg7 4. Nf3 Nf6 5. Nc3 O-O 6. e4 d6 7. Be2 e5 8. O-O Na6
9. Ne1 Re8 10. a3 Nc7 11. Bd3 a6 12. f4 exf4 13. Bxf4 Nh5 14. Qf3 Nxf4 15. Qxf4
Qe7 16. Nf3 Bd7 17. Kh1 b5 18. Rf2 bxc4 19. Bxc4 Nb5 20. Bxb5 axb5 21. Ng5 Rf8
22. Qh4 h6 23. Nf3 g5 24. Qg3 b4 25. Nd1 Qxe4 26. Qxd6 Bg4 27. Qg3 Rfe8 28. Rf1
Bxf3 29. Qxf3 Qxf3 30. gxf3 Bd4 31. a4 Re2 32. f4 g4 33. f5 f6 34. a5 Kf7 35.
d6 h5 36. a6 h4 1/2-1/2

[Event "Cto Aragón Equipos Pref Gr I"]
[Site "Aragon"]
[Date "2015.01.31"]
[Round "2.36"]
[White "Pellicer Cerezuela, Miguel"]
[Black "Torcal Miguel, Oscar"]
[Result "1-0"]
[WhiteElo "1862"]
[BlackElo "1893"]
[PlyCount "47"]
[EventDate "2015.01.24"]
[WhiteTeam "La Aurora Estadilla B"]
[BlackTeam "Ibercaja B"]

1. d4 Nf6 2. c4 c5 3. d5 e5 4. Nc3 d6 5. e4 Be7 6. h3 O-O 7. Bd3 Ne8 8. Nf3 g6
9. Bh6 Ng7 10. h4 Bg4 11. Qd2 Re8 12. Ng5 f6 13. Nh3 Nh5 14. f3 Bxh3 15. Rxh3
Bf8 16. Be3 Qd7 17. g4 Ng7 18. O-O-O a5 19. h5 gxh5 20. Rdh1 hxg4 21. fxg4 Qxg4
22. Rxh7 Qg6 23. Rh8+ Kf7 24. Rg1 1-0

[Event "Cto Aragón Equipos Pref Gr I"]
[Site "Aragon"]
[Date "2015.01.31"]
[Round "2.37"]
[White "Larios Herraiz, Enrique"]
[Black "Faro Perella, Alberto"]
[Result "0-1"]
[WhiteElo "2067"]
[BlackElo "1927"]
[PlyCount "88"]
[EventDate "2015.01.24"]
[WhiteTeam "Actur Rey Fernando"]
[BlackTeam "Binefar"]

1. d4 Nf6 2. Nf3 d5 3. e3 Bg4 4. c4 c6 5. Nc3 e6 6. Qb3 Qb6 7. c5 Qc7 8. Ne5
Nbd7 9. Nxg4 Nxg4 10. Be2 Ngf6 11. Bd2 Be7 12. f4 b6 13. cxb6 axb6 14. Rc1 O-O
15. O-O Rfc8 16. Bd3 c5 17. Qd1 c4 18. Bb1 g6 19. Rf3 Qc6 20. Rh3 b5 21. g4 b4
22. Ne2 Nxg4 23. Ng3 f5 24. Nh1 Qb6 25. Rg3 Ngf6 26. Nf2 Ne4 27. Nxe4 dxe4 28.
h4 Bxh4 29. Rh3 Bf6 30. d5 c3 31. bxc3 bxc3 32. Be1 Rc5 33. dxe6 Qxe6 34. Bc2
Kg7 35. Bb3 Qe7 36. Qe2 Rd8 37. Qh2 Nf8 38. Rc2 Rd1 39. Qe2 Qd6 40. Kf2 Rd3 41.
Rc1 Ne6 42. Rh1 Nxf4 43. exf4 Qxf4+ 44. Kg2 Qxc1 0-1

[Event "Cto Aragón Equipos Pref Gr I"]
[Site "Aragon"]
[Date "2015.01.31"]
[Round "2.38"]
[White "Bayona Bafaluy, Jose Maria"]
[Black "Lopez Caudevilla, David"]
[Result "1-0"]
[WhiteElo "1777"]
[BlackElo "1978"]
[PlyCount "79"]
[EventDate "2015.01.24"]
[WhiteTeam "Binefar"]
[BlackTeam "Actur Rey Fernando"]

1. e4 g6 2. Nc3 Bg7 3. Bc4 d6 4. Nge2 a6 5. a4 e6 6. d3 Ne7 7. Bg5 f6 8. Bd2 d5
9. Ba2 c6 10. Ng3 O-O 11. h4 h5 12. f4 f5 13. Nxh5 gxh5 14. Qxh5 Nd7 15. e5 Qe8
16. Qf3 Kh7 17. O-O-O b5 18. a5 Bb7 19. g4 fxg4 20. Qxg4 Nf5 21. Ne2 Bh6 22. c3
Nc5 23. Qf3 Rg8 24. b4 Nd7 25. d4 Qf7 26. Bb1 Kh8 27. Rdg1 Rxg1+ 28. Rxg1 Rg8
29. Rg5 Bxg5 30. fxg5 Rf8 31. Nf4 Kg8 32. h5 c5 33. g6 Qe7 34. bxc5 Nb8 35. Qh3
Bc8 36. h6 Qh4 37. Bxf5 Qxh3 38. Bxh3 Re8 39. Nh5 Nd7 40. Bf1 1-0

[Event "Cto Aragón Equipos Pref Gr I"]
[Site "Aragon"]
[Date "2015.01.31"]
[Round "2.39"]
[White "Aviol Perez, Jose Mariano"]
[Black "Arino Castan, Federico"]
[Result "1-0"]
[WhiteElo "1906"]
[BlackElo "1777"]
[PlyCount "89"]
[EventDate "2015.01.24"]
[WhiteTeam "Actur Rey Fernando"]
[BlackTeam "Binefar"]

1. d4 d5 2. Nf3 Nf6 3. c4 g6 4. cxd5 Nxd5 5. e4 Nb6 6. h3 Bg7 7. Nc3 O-O 8. Bf4
N8d7 9. a4 a5 10. Nb5 c6 11. Bc7 Qe8 12. Bxb6 cxb5 13. Bxb5 Ra6 14. Bxa6 Nxb6
15. Bb5 Qd8 16. O-O Kh8 17. Rc1 f5 18. e5 Be6 19. Qd2 Nd5 20. Ne1 f4 21. Nf3
Rf5 22. Bd3 Rh5 23. Be4 g5 24. Nh2 Qd7 25. Qxa5 Kg8 26. Rc5 f3 27. Nxf3 Nf4 28.
Qa8+ Kf7 29. Qxb7 Bxh3 30. Qxd7 Ne2+ 31. Kh1 Bxd7+ 32. Nh2 g4 33. Bd3 Nf4 34.
Bc4+ e6 35. Rc7 Ke7 36. Kg1 Kd8 37. Ra7 Bh6 38. Nxg4 Bc6 39. f3 Bg5 40. Rf7
Nh3+ 41. gxh3 Rxh3 42. Bxe6 Bh4 43. d5 Bxa4 44. Rc1 Rg3+ 45. Kh2 1-0

[Event "Cto Aragón Equipos Pref Gr I"]
[Site "Aragon"]
[Date "2015.01.31"]
[Round "2.40"]
[White "Rosa Garcia, Jesus"]
[Black "Fernandez Sierra, Pedro Jose"]
[Result "1-0"]
[WhiteElo "1706"]
[BlackElo "1750"]
[PlyCount "91"]
[EventDate "2015.01.24"]
[WhiteTeam "Binefar"]
[BlackTeam "Actur Rey Fernando"]

1. b4 e6 2. Bb2 Nf6 3. b5 d5 4. e3 c5 5. c4 Be7 6. Nf3 O-O 7. a4 b6 8. Qc2 Bb7
9. Be2 Nbd7 10. O-O Qc7 11. d3 Rac8 12. Nbd2 Bd6 13. Rfc1 e5 14. e4 dxc4 15.
dxc4 Rfe8 16. Bc3 a5 17. Re1 Nf8 18. Nh4 g6 19. f4 Ne6 20. f5 Nd4 21. Bxd4 exd4
22. fxg6 Bxh2+ 23. Kh1 Bxe4 24. Nxe4 Nxe4 25. gxf7+ Qxf7 26. Bf3 d3 27. Qb3 Qf4
28. Bxe4 Rxe4 29. Nf3 Bg3 30. Rxe4 Qxe4 31. Qc3 Re8 32. Qf6 Re6 33. Qd8+ Kg7
34. Qd7+ Kg8 35. Qd8+ Kf7 36. Qd7+ Kf6 37. Rf1 Kg6 38. Qd8 Qg4 39. Qg8+ Kh5 40.
Qxh7+ Rh6 41. Qf7+ Rg6 42. Qd5+ Kh6 43. Qxd3 Qh5+ 44. Kg1 Bf4 45. Qd8 Qg4 46.
Qh8# 1-0

[Event "Cto Aragón Equipos Pref Gr I"]
[Site "Aragon"]
[Date "2015.01.31"]
[Round "2.42"]
[White "Jaques Burguete, Raul"]
[Black "Calleja Sanchez, Alfredo"]
[Result "1-0"]
[WhiteElo "2009"]
[BlackElo "1944"]
[PlyCount "81"]
[EventDate "2015.01.24"]
[WhiteTeam "St. Casablanca C"]
[BlackTeam "Sabiñanigo"]

1. e4 d6 2. d4 g6 3. f4 Bg7 4. Nf3 Nf6 5. Bd3 O-O 6. O-O c5 7. dxc5 dxc5 8. Qe2
Nc6 9. e5 Ng4 10. h3 Nh6 11. Be3 Qc7 12. c3 Bf5 13. Bc4 Na5 14. Bb5 a6 15. Ba4
b5 16. Bd1 Rad8 17. Qf2 Rd5 18. Nbd2 Bd3 19. Be2 Bxe2 20. Qxe2 Nf5 21. Bf2 Rfd8
22. g4 Nh6 23. Ne4 Qc8 24. Rad1 Nxg4 25. Rxd5 Rxd5 26. hxg4 Qxg4+ 27. Bg3 Nc4
28. Kf2 Bh6 29. b3 Nb6 30. Neg5 Qd7 31. e6 fxe6 32. Qxe6+ Qxe6 33. Nxe6 Rd3 34.
Ne5 Rd6 35. Nxc5 Nd5 36. Ne4 Re6 37. Kf3 g5 38. f5 g4+ 39. Nxg4 Rc6 40. Nxh6+
Rxh6 41. Rd1 1-0

[Event "Cto Aragón Equipos Pref Gr I"]
[Site "Aragon"]
[Date "2015.01.31"]
[Round "2.43"]
[White "Climente Martinez, Jose Luis"]
[Black "Antonano Fedz-Quincoces, Aveli"]
[Result "0-1"]
[WhiteElo "1891"]
[BlackElo "1978"]
[PlyCount "68"]
[EventDate "2015.01.24"]
[WhiteTeam "Sabiñanigo"]
[BlackTeam "St. Casablanca C"]

1. d4 f5 2. c4 Nf6 3. Nf3 e6 4. g3 Bb4+ 5. Bd2 Be7 6. Nc3 O-O 7. Qc2 d5 8. Ne5
Nbd7 9. cxd5 Nxe5 10. dxe5 Nxd5 11. Bg2 c6 12. O-O Nb4 13. Qc1 Qe8 14. e4 Nd3
15. Qc2 Nxe5 16. exf5 exf5 17. Rfe1 Ng6 18. h4 Qf7 19. h5 Nh8 20. h6 Ng6 21.
Re2 Bd7 22. Rae1 Bf6 23. Bh3 f4 24. hxg7 Bxg7 25. Re7 Nxe7 26. Bxd7 fxg3 27.
Be6 gxf2+ 28. Kh2 Qxe6 29. Rxe6 f1=Q 30. Be3 Rf5 31. Rxe7 Rh5+ 32. Kg3 Rh3+ 33.
Kg4 Qf3+ 34. Kg5 Rh5# 0-1

[Event "Cto Aragón Equipos Pref Gr I"]
[Site "Aragon"]
[Date "2015.01.31"]
[Round "2.44"]
[White "Alvarez Gonzalo, Miguel Angel"]
[Black "Martinez Carnicer, Eduardo"]
[Result "1-0"]
[WhiteElo "1944"]
[BlackElo "1855"]
[PlyCount "108"]
[EventDate "2015.01.24"]
[WhiteTeam "St. Casablanca C"]
[BlackTeam "Sabiñanigo"]

1. c4 Nf6 2. g3 g6 3. Bg2 Bg7 4. Nc3 e5 5. e4 d6 6. Nge2 c5 7. O-O O-O 8. d3
Nc6 9. Rb1 a6 10. Nd5 Nxd5 11. cxd5 Ne7 12. Be3 f5 13. f4 fxe4 14. dxe4 Rb8 15.
b4 cxb4 16. Rxb4 b5 17. fxe5 Rxf1+ 18. Bxf1 Bxe5 19. Nd4 Qc7 20. Rb3 Bd7 21.
Nf3 Bg4 22. h3 Bxf3 23. Qxf3 Rf8 24. Qg2 Nc8 25. Ra3 Qb7 26. Rb3 Qf7 27. Be2
Qc7 28. Kh2 Nb6 29. Bh6 Bg7 30. Bxg7 Kxg7 31. h4 Qc5 32. Bf3 Nc4 33. Kh3 Ne5
34. g4 Qd4 35. g5 Nd3 36. Kh2 Ne1 37. Qg3 Nd3 38. Bg2 Nf4 39. Qc3 Qxc3 40. Rxc3
Nxg2 41. Kxg2 Rf4 42. Rc7+ Kg8 43. Rc6 Rxh4 44. Kf3 Rh2 45. Rxa6 Kf7 46. Rxd6
Rxa2 47. Rb6 Ra5 48. Rb7+ Kg8 49. d6 Ra8 50. Rxb5 Kf7 51. Re5 Rd8 52. Re7+ Kf8
53. e5 Rb8 54. Rxh7 Rb5 1-0

[Event "Cto Aragón Equipos Pref Gr I"]
[Site "Aragon"]
[Date "2015.01.31"]
[Round "2.45"]
[White "Sanz Lopez, Ruben"]
[Black "Maza Broto, Pablo"]
[Result "0-1"]
[WhiteElo "1936"]
[BlackElo "2076"]
[PlyCount "90"]
[EventDate "2015.01.24"]
[WhiteTeam "ONCE Aragon B"]
[BlackTeam "Jaime Casas B"]

1. d4 d6 2. Nf3 Nf6 3. c4 Nbd7 4. Bf4 g6 5. Nc3 Bg7 6. e3 Nh5 7. Bg5 h6 8. Bh4
g5 9. Bg3 c5 10. Be2 Nxg3 11. hxg3 cxd4 12. Nxd4 Ne5 13. Qc2 Nc6 14. Nf3 Qa5
15. O-O Bf5 16. Qd2 O-O 17. a3 Bxc3 18. bxc3 Rac8 19. Qb2 Rc7 20. Nd4 Bg6 21.
Nb5 Rcc8 22. Rac1 a6 23. Nd4 Qc7 24. Bg4 Rb8 25. Nxc6 bxc6 26. Qa2 Qa5 27. Rfd1
Rb6 28. Rd2 Rfb8 29. Bd1 Rb1 30. Rxb1 Rxb1 31. Kh2 Qxc3 32. Bf3 c5 33. e4 Ra1
34. Qc2 Qxc2 35. Rxc2 Rxa3 36. g4 Kg7 37. Rd2 Kf6 38. Rd5 Ke6 39. e5 Rd3 40.
exd6 exd6 41. Rxd3 Bxd3 42. Bd5+ Kd7 43. Kg3 a5 44. Kf3 a4 45. Ke3 a3 0-1

[Event "Cto Aragón Equipos Pref Gr I"]
[Site "Aragon"]
[Date "2015.01.31"]
[Round "2.46"]
[White "Rodriguez Leiva, Manuel"]
[Black "Carilla Garcia, Angel"]
[Result "1-0"]
[WhiteElo "1956"]
[BlackElo "1777"]
[PlyCount "41"]
[EventDate "2015.01.24"]
[WhiteTeam "Jaime Casas B"]
[BlackTeam "ONCE Aragon B"]

1. c4 e6 2. Nc3 Nf6 3. d4 d5 4. e3 Bd7 5. Nf3 Nc6 6. Be2 Be7 7. O-O O-O 8. Ne5
Be8 9. f4 Nd7 10. cxd5 Ndxe5 11. fxe5 exd5 12. Bf3 Bg5 13. Bxd5 Bd7 14. Bb3 Na5
15. Bc2 Re8 16. Ne4 Bh6 17. Qd3 g6 18. Nf6+ Kh8 19. Qe4 Nc6 20. Qh4 Kg7 21. e4
1-0

[Event "Cto Aragón Equipos Pref Gr I"]
[Site "Aragon"]
[Date "2015.01.31"]
[Round "2.47"]
[White "Lanaspa Ballesteros, Federico"]
[Black "Buil Rello, Jose Antonio"]
[Result "0-1"]
[WhiteElo "1611"]
[BlackElo "1921"]
[PlyCount "116"]
[EventDate "2015.01.24"]
[WhiteTeam "ONCE Aragon B"]
[BlackTeam "Jaime Casas B"]

1. d4 Nf6 2. Nf3 d6 3. c4 Nbd7 4. Nc3 c6 5. e4 e5 6. Be2 Qc7 7. O-O Be7 8. dxe5
dxe5 9. Qc2 a5 10. Rd1 O-O 11. Bg5 Nc5 12. Rd2 Be6 13. Rad1 Rad8 14. h3 Rxd2
15. Rxd2 Rd8 16. Rxd8+ Bxd8 17. Bh4 Kf8 18. Bg3 Nfd7 19. Nd4 Qd6 20. Nxe6+ Nxe6
21. Bg4 Nd4 22. Qd1 Nf6 23. Bc8 b6 24. f4 exf4 25. Bxf4 Qxf4 26. Qxd4 Bc7 27.
Bf5 h5 28. Ne2 Qe5 29. Kf2 g6 30. Bc8 Nxe4+ 31. Ke3 Nc5+ 32. Qxe5 Bxe5 33. b3
Ke7 34. h4 f5 35. Nf4 Bxf4+ 36. Kxf4 Kf6 37. Ke3 g5 38. hxg5+ Kxg5 39. Kf3 h4
40. g4 f4 41. Bf5 h3 42. Kf2 Nb7 43. Kg1 Nd6 44. Bd7 f3 45. Bxc6 Kxg4 46. Kf2
Kf4 47. Bxf3 Ne4+ 48. Ke2 Nc3+ 49. Kf2 Nxa2 50. Bb7 Nc1 51. Bc8 h2 52. Kg2 Nxb3
53. Bd7 Ke5 54. Kxh2 Kd4 55. Bb5 Nc5 56. Kg2 a4 57. Kf1 a3 58. Be8 a2 0-1

[Event "Cto Aragón Equipos Pref Gr I"]
[Site "Aragon"]
[Date "2015.01.31"]
[Round "2.48"]
[White "Olivan Alvira, Alejandro"]
[Black "Pena Gil, Jose Alejandro"]
[Result "1/2-1/2"]
[WhiteElo "1545"]
[BlackElo "1561"]
[PlyCount "157"]
[EventDate "2015.01.24"]
[WhiteTeam "Jaime Casas B"]
[BlackTeam "ONCE Aragon B"]

1. c4 c5 2. Nc3 Nc6 3. e4 e6 4. d3 Nf6 5. Nf3 d6 6. Be2 Be7 7. O-O O-O 8. Nd2
Nd4 9. f4 Qc7 10. Nf3 Nxf3+ 11. Bxf3 a6 12. a4 Bd7 13. Bd2 Rab8 14. b3 b5 15.
Qc2 b4 16. Ne2 a5 17. Be3 h6 18. g4 Nh7 19. Ng3 f5 20. h3 Bh4 21. Qg2 Bf6 22.
Ra2 Qd8 23. Ne2 Kh8 24. d4 cxd4 25. Nxd4 Qb6 26. Qf2 Qd8 27. Qd2 Qe7 28. Rd1 g5
29. Ne2 gxf4 30. Nxf4 Rg8 31. Qxd6 fxg4 32. hxg4 Rg7 33. Nh5 Qxd6 34. Rxd6 Rf7
35. Rad2 Ng5 36. Bg2 Be8 37. Nxf6 Rxf6 38. Bd4 Kg7 39. Rf2 Nh7 40. Rxe6 Bf7 41.
Re7 Kg6 42. e5 Rxf2 43. Be4+ Kg5 44. Kxf2 Bg6 45. Rg7 Rf8+ 46. Ke2 Kxg4 47.
Rxg6+ Ng5 48. Bd5 h5 49. Rf6 Rc8 50. Bf3+ Kg3 51. Bxh5 Rh8 52. Bf2+ Kh3 53. Bf3
Nxf3 54. Rxf3+ Kg4 55. e6 Re8 56. Re3 Kf5 57. e7 Kf6 58. Bh4+ Kf7 59. Re5 Kg6
60. Rxa5 Kf7 61. Re5 Rg8 62. e8=Q+ Rxe8 63. Rxe8 Kxe8 64. Kd3 Kd7 65. c5 Kc7
66. Kc4 Kb7 67. Kxb4 Kc6 68. Kc4 Kb7 69. b4 Ka6 70. b5+ Kb7 71. a5 Kc7 72. Kd5
Kb8 73. Bg3+ Kb7 74. Kd6 Kb8 75. Kc6+ Ka7 76. a6 Ka8 77. Bh4 Kb8 78. b6 Ka8 79.
a7 1/2-1/2

[Event "Cto Aragón Equipos Pref Gr I"]
[Site "Aragon"]
[Date "2015.01.31"]
[Round "2.49"]
[White "Cifuentes Parada, Roberto"]
[Black "Campo Millan, Diego"]
[Result "1-0"]
[WhiteElo "2461"]
[BlackElo "2057"]
[PlyCount "73"]
[EventDate "2015.01.24"]
[WhiteTeam "Jaque"]
[BlackTeam "Delicias B"]

1. d4 Nf6 2. Nf3 g6 3. c4 Bg7 4. Nc3 d5 5. Bg5 Ne4 6. cxd5 Nxg5 7. Nxg5 e6 8.
Qd2 h6 9. Nh3 exd5 10. Qe3+ Kf8 11. Nf4 Nc6 12. O-O-O Ne7 13. Qf3 c6 14. e4
dxe4 15. Nxe4 Bf5 16. Bc4 b5 17. Bb3 a5 18. g4 Bxe4 19. Qxe4 a4 20. Bxf7 Kxf7
21. Qe6+ Kf8 22. Rhe1 Ra7 23. Re3 Qd7 24. Nxg6+ Ke8 25. Rde1 Bxd4 26. Qxd7+
Rxd7 27. Rxe7+ Rxe7 28. Rxe7+ Kd8 29. Re4 Bxb2+ 30. Kxb2 Rh7 31. f4 Kc7 32. f5
Kd6 33. Re6+ Kc5 34. Ne5 b4 35. f6 Kd5 36. Re7 Rh8 37. f7 1-0

[Event "Cto Aragón Equipos Pref Gr I"]
[Site "Aragon"]
[Date "2015.01.31"]
[Round "2.50"]
[White "Pes Mateo, Angel"]
[Black "Perez Puyal, Jose Joaquin"]
[Result "1-0"]
[WhiteElo "1986"]
[BlackElo "1922"]
[PlyCount "115"]
[EventDate "2015.01.24"]
[WhiteTeam "Delicias B"]
[BlackTeam "Jaque"]

1. d4 Nf6 2. Nf3 g6 3. c3 Bg7 4. Bf4 d6 5. h3 Nbd7 6. e3 O-O 7. Be2 c5 8. O-O
Qb6 9. Qb3 Qxb3 10. axb3 b6 11. Ba6 Nb8 12. Bxc8 Rxc8 13. Na3 Nc6 14. Rfd1 Na5
15. Nd2 Nc6 16. Ndc4 cxd4 17. exd4 d5 18. Nd2 e6 19. Re1 Bf8 20. f3 Ne8 21. Kf2
Nd6 22. g4 Be7 23. Re2 Nb7 24. Bg3 Bd6 25. f4 a6 26. Kf3 b5 27. b4 Bxb4 28.
cxb4 Nxd4+ 29. Ke3 Nxe2 30. Kxe2 Nd6 31. Bf2 Nc4 32. Bd4 Nxa3 33. Rxa3 Rc1 34.
g5 Kf8 35. Nb3 Rh1 36. Nc5 Rh2+ 37. Bf2 Rh1 38. Bd4 Rh2+ 39. Bf2 Rh1 40. Nd7+
Ke7 41. Nb6 Rb8 42. Bc5+ Ke8 43. Rxa6 Rxh3 44. Ra7 h5 45. Nd7 Rh2+ 46. Ke3 d4+
47. Ke4 f5+ 48. gxf6 Rd8 49. f7+ Kxf7 50. Ne5+ Kg8 51. Bxd4 Rh1 52. Nd7 Kf7 53.
Ne5+ Kg8 54. Nc6 Re1+ 55. Kf3 Re8 56. Ne7+ Kf7 57. Nf5+ Kg8 58. Nh6+ 1-0

[Event "Cto Aragón Equipos Pref Gr II"]
[Site "Aragon"]
[Date "2015.01.31"]
[Round "2.53"]
[White "Malo Guillen, Jose Luis"]
[Black "Galve Guinea, Alejandro"]
[Result "1/2-1/2"]
[WhiteElo "2167"]
[BlackElo "2041"]
[PlyCount "65"]
[EventDate "2015.01.24"]
[WhiteTeam "Las Fuentes"]
[BlackTeam "El Olivar C"]

1. d4 d5 2. c4 c6 3. Nc3 Nf6 4. e3 e6 5. Nf3 Nbd7 6. Bd3 dxc4 7. Bxc4 b5 8. Be2
b4 9. Na4 Bb7 10. O-O Be7 11. a3 O-O 12. Qb3 a5 13. axb4 Bxb4 14. Bd2 Qe7 15.
Bxb4 Qxb4 16. Qxb4 axb4 17. Rfc1 Ra5 18. Nc5 Rxa1 19. Rxa1 Nxc5 20. dxc5 Ne4
21. Ra4 Nxc5 22. Rxb4 Rd8 23. Nd4 e5 24. Nb3 Ba6 25. Nxc5 Bxe2 26. f3 Bb5 27.
Ne4 f6 28. Nc3 Bd3 29. Kf2 Rd7 30. Rb6 c5 31. Na4 Rc7 32. e4 Kf7 33. Ke3
1/2-1/2

[Event "Cto Aragón Equipos Pref Gr II"]
[Site "Aragon"]
[Date "2015.01.31"]
[Round "2.54"]
[White "Correas Marcen, Jose Maria"]
[Black "Alonso Blasco, Jose Miguel"]
[Result "1/2-1/2"]
[WhiteElo "2001"]
[BlackElo "2078"]
[PlyCount "49"]
[EventDate "2015.01.24"]
[WhiteTeam "El Olivar C"]
[BlackTeam "Las Fuentes"]

1. b3 e5 2. Bb2 d6 3. g3 f5 4. Bg2 Nf6 5. Nh3 Be7 6. O-O O-O 7. c4 Kh8 8. Nc3
c6 9. f4 e4 10. e3 d5 11. cxd5 cxd5 12. Ne2 Nc6 13. a3 Be6 14. b4 a6 15. Nd4
Nxd4 16. Bxd4 Rc8 17. Ng5 Qd7 18. Qb3 Bg8 19. Qb2 Nh5 20. Nh3 Bf6 21. Nf2 Bxd4
22. Qxd4 Rc4 23. Qb2 Rfc8 24. Rfc1 Nf6 25. Bf1 1/2-1/2

[Event "Cto Aragón Equipos Pref Gr II"]
[Site "Aragon"]
[Date "2015.01.31"]
[Round "2.55"]
[White "Mombiela De Sus, Jose Luis"]
[Black "De La Riva Fernandez, Eduardo"]
[Result "0-1"]
[WhiteElo "1999"]
[BlackElo "1944"]
[PlyCount "154"]
[EventDate "2015.01.24"]
[WhiteTeam "Las Fuentes"]
[BlackTeam "El Olivar C"]

1. c4 c6 2. Nf3 d5 3. b3 Nf6 4. g3 g6 5. Bg2 Bg7 6. Bb2 O-O 7. O-O Re8 8. d3
Nbd7 9. Nbd2 e5 10. cxd5 cxd5 11. Qc2 b5 12. Rac1 Bb7 13. Qc7 Qb8 14. d4 e4 15.
Ng5 Bf8 16. Qa5 a6 17. Ba3 Qd8 18. Qxd8 Rexd8 19. Bxf8 Kxf8 20. Rc7 Rab8 21. f3
e3 22. Nb1 h6 23. Nh3 Rdc8 24. Rfc1 Ne8 25. Rxc8 Rxc8 26. Rxc8 Bxc8 27. Nc3 Nd6
28. Nxd5 Nf5 29. Kf1 Bb7 30. g4 Nxd4 31. Nxe3 a5 32. Ke1 Nb6 33. Nf4 a4 34. b4
g5 35. Nd3 Bd5 36. Nxd5 Nxd5 37. Kd2 Nc6 38. a3 Nb6 39. f4 Nd4 40. fxg5 Nc4+
41. Kd1 hxg5 42. Be4 Nxa3 43. Nb2 Ke7 44. e3 Ne6 45. Kd2 Kd6 46. Kc3 Nc7 47.
Kd4 Na6 48. Kc3 Ke5 49. Bb7 Nc7 50. Bc6 Nd5+ 51. Bxd5 Kxd5 52. Kd3 Nb1 53. Kc2
Nd2 54. Nd1 Nf1 55. Nc3+ Kc4 56. Ne4 Nxe3+ 57. Kb2 Nxg4 58. Nxg5 f6 59. Ne4
Kxb4 60. h4 f5 61. Ng5 Nf6 62. Ne6 Nh5 63. Nd4 f4 64. Nf3 Ka5 65. Nd4 b4 66.
Nf3 Kb5 67. Ne5 Kc5 68. Nd3+ Kc4 69. Ne5+ Kb5 70. Nf3 Ng3 71. Nd2 Nf5 72. h5
Kc5 73. Nf3 Kb5 74. Nd4+ Nxd4 75. h6 a3+ 76. Kb1 b3 77. h7 a2+ 0-1

[Event "Cto Aragón Equipos Pref Gr II"]
[Site "Aragon"]
[Date "2015.01.31"]
[Round "2.57"]
[White "Cebollada Pacheco, Jesus Raul"]
[Black "Martinez Catalan, Fco. Javier"]
[Result "1/2-1/2"]
[WhiteElo "2029"]
[BlackElo "2226"]
[PlyCount "80"]
[EventDate "2015.01.24"]
[WhiteTeam "St. Casablanca D"]
[BlackTeam "La Aurora Estadilla"]

1. e4 c5 2. Nf3 Nc6 3. d4 cxd4 4. Nxd4 Nf6 5. Nc3 d6 6. f3 e5 7. Nb3 Be7 8. Be3
O-O 9. Nd5 Nxd5 10. exd5 Nb8 11. Qd2 a5 12. a4 Bf5 13. Bd3 Bxd3 14. Qxd3 Nd7
15. O-O Qc7 16. Nd2 Rfc8 17. c4 Nc5 18. Bxc5 Qxc5+ 19. Kh1 Qb4 20. b3 g6 21.
Ne4 f5 22. Nf2 Rf8 23. Rab1 Rae8 24. Qe3 Bd8 25. Nd3 Qb6 {=} 26. Qxb6 Bxb6 27.
g3 g5 28. Nf2 Bc5 29. Kg2 Re7 30. g4 Bxf2 31. Rxf2 fxg4 32. fxg4 Rf4 33. h3 b6
34. Rc2 Rc7 35. b4 Rcxc4 36. Rxc4 Rxc4 37. bxa5 bxa5 38. Rb6 Rxa4 39. Rxd6 Rd4
40. Kf3 Kf7 1/2-1/2

[Event "Cto Aragón Equipos Pref Gr II"]
[Site "Aragon"]
[Date "2015.01.31"]
[Round "2.58"]
[White "Valles Mata, David"]
[Black "Garcia Andres, Daniel"]
[Result "1-0"]
[WhiteElo "2196"]
[BlackElo "2017"]
[PlyCount "51"]
[EventDate "2015.01.24"]
[WhiteTeam "La Aurora Estadilla"]
[BlackTeam "St. Casablanca D"]

1. d4 d6 2. e4 g6 3. Nc3 e5 4. f4 exf4 5. Bxf4 Bg7 6. Nf3 Bg4 7. Be2 Nc6 8. Be3
Nf6 9. O-O Qe7 10. h3 Bxf3 11. Bxf3 O-O 12. Qd2 Rfe8 13. Rad1 Nxe4 14. Nxe4 d5
15. Bg5 Qe6 16. Nc5 Bxd4+ 17. Qxd4 Nxd4 18. Nxe6 Nxe6 19. Rxd5 c6 20. Re5 Kg7
21. Rfe1 h6 22. Bd2 Red8 23. Bc3 Kg8 24. Bg4 Nf4 25. Re7 h5 26. Bf3 1-0

[Event "Cto Aragón Equipos Pref Gr II"]
[Site "Aragon"]
[Date "2015.01.31"]
[Round "2.59"]
[White "Goni Navarro, Pablo"]
[Black "Cabrera Moreno, Daniel"]
[Result "1-0"]
[WhiteElo "1930"]
[BlackElo "2178"]
[PlyCount "63"]
[EventDate "2015.01.24"]
[WhiteTeam "St. Casablanca D"]
[BlackTeam "La Aurora Estadilla"]

1. c4 c5 2. Nf3 Nf6 3. Nc3 d5 4. cxd5 Nxd5 5. g3 Nc6 6. Bg2 Nc7 7. O-O e5 8. d3
Be7 9. Nd2 Bd7 10. Nc4 f6 11. f4 b5 12. Ne3 exf4 13. gxf4 Rb8 14. Ned5 O-O 15.
Nxc7 Qxc7 16. Nd5 Qd8 17. Nxe7+ Qxe7 18. e4 Rfd8 19. Be3 Be8 20. Rc1 Nd4 21. e5
fxe5 22. f5 c4 23. Qg4 Rd6 24. dxc4 bxc4 25. f6 Rxf6 26. Rxf6 Qxf6 27. Bd5+ Kh8
28. Rf1 Qe7 29. Bxd4 exd4 30. Qf4 Rxb2 31. Qf8+ Qxf8 32. Rxf8# 1-0

[Event "Cto Aragón Equipos Pref Gr II"]
[Site "Aragon"]
[Date "2015.01.31"]
[Round "2.60"]
[White "Solano Lasierra, Javier"]
[Black "Abad Vinas, Jesus Manuel"]
[Result "1-0"]
[WhiteElo "2167"]
[BlackElo "1831"]
[PlyCount "45"]
[EventDate "2015.01.24"]
[WhiteTeam "La Aurora Estadilla"]
[BlackTeam "St. Casablanca D"]

1. e4 c5 2. Nc3 g6 3. Bc4 e6 4. a3 Bg7 5. d3 Nc6 6. Ba2 Nge7 7. h4 h5 8. Bg5
O-O 9. g4 hxg4 10. Qd2 Qb6 11. O-O-O d5 12. Bh6 Bf6 13. h5 Rd8 14. Bg5 Be5 15.
f4 gxf3 16. Nxf3 dxe4 17. Nxe5 Nxe5 18. Bxe7 Rd7 19. Bf6 Ng4 20. Nxe4 e5 21.
Qg5 Nxf6 22. Nxf6+ Kf8 23. hxg6 1-0

[Event "Cto Aragón Equipos Pref Gr II"]
[Site "Aragon"]
[Date "2015.01.31"]
[Round "2.61"]
[White "Hinojar Basa, Alfonso"]
[Black "Planas Torrea, Francisco Javie"]
[Result "1-0"]
[WhiteElo "2204"]
[BlackElo "2032"]
[PlyCount "85"]
[EventDate "2015.01.24"]
[WhiteTeam "Marcos Frechin"]
[BlackTeam "Ejea"]

1. e4 c6 2. d4 d5 3. e5 c5 4. dxc5 e6 5. a3 Bxc5 6. b4 Bf8 7. Nf3 Qc7 8. Bd3
Ne7 9. O-O Ng6 10. Re1 Be7 11. Bb2 Nd7 12. Nbd2 Nb6 13. Nb3 Bd7 14. Bd4 O-O 15.
g3 Nc4 16. Bc5 Bxc5 17. Nxc5 Nb2 18. Qd2 Nxd3 19. cxd3 b6 20. Nb3 Rac8 21. Rac1
Qb7 22. Rxc8 Rxc8 23. Rc1 Bb5 24. Nfd4 Bd7 25. f4 Qa6 26. Rxc8+ Qxc8 27. Nc1 f6
28. exf6 gxf6 29. f5 exf5 30. Nce2 Qc7 31. h4 Qe5 32. h5 Nh8 33. Qf4 Nf7 34.
Kf1 Ng5 35. Nc3 Nh3 36. Qxe5 fxe5 37. Nxd5 exd4 38. Nf6+ Kf7 39. Nxd7 Ke7 40.
Ne5 Kd6 41. Nf3 Kc6 42. Nxd4+ Kd6 43. Nf3 1-0

[Event "Cto Aragón Equipos Pref Gr II"]
[Site "Aragon"]
[Date "2015.01.31"]
[Round "2.62"]
[White "Planas Torrea, Alberto"]
[Black "Fuster Garcia, Luis"]
[Result "1-0"]
[WhiteElo "1928"]
[BlackElo "2195"]
[PlyCount "64"]
[EventDate "2015.01.24"]
[WhiteTeam "Ejea"]
[BlackTeam "Marcos Frechin"]

1. e4 d5 2. exd5 Qxd5 3. Nc3 Qd8 4. d4 Nf6 5. Bc4 c6 6. Nf3 Nd5 7. Ne5 e6 8.
O-O Nd7 9. Ne4 Nxe5 10. dxe5 Qc7 11. f4 Be7 12. Qg4 Kf8 13. Qe2 b5 14. Bd3 Qb6+
15. Kh1 g6 16. b3 b4 17. Bd2 a5 18. a3 h5 19. axb4 Nxb4 20. Be3 Qc7 21. Nc5 Kg7
22. Qf2 Nd5 23. Bd4 Kh7 24. c4 Nb4 25. Be4 Rd8 26. Rad1 Ba6 27. Qg3 Rxd4 28.
Nxe6 Rxd1 29. Rxd1 Bh4 30. Qxh4 fxe6 31. Qxh5+ Kg8 32. Qxg6+ Kf8 {
Irreproducible} 1-0